Survivor returnees on a season with an auction Quiz Stats

 Plays Quiz not verified by Sporcle

Support Sporcle.
Go Orange.
Score 0/63 Timer 10:00
1 Play Today
Returning Player % Correct
Parvati Shallow
93.7%
Colby Donaldson
92.2%
Tom Buchanan
90.8%
Tom Westman
90.8%
Tina Wesson
90.5%
Rob Cesternino
90.2%
Ozzy Lusth
90.2%
Amanda Kimmel
89.9%
Jonathan Penner
89.7%
John Cochran
89.1%
Amber Brkich
88.8%
Russell Hantz
88.5%
Russell Swan
88.5%
Michael Skupin
88.2%
Cirie Fields
88.2%
Stephenie LaGrossa
87.6%
Erik Reichenbach
87.6%
J.T. Thomas
87.4%
Malcolm Freberg
87.4%
James Clement
86.8%
Jerri Manthey
86.5%
Ethan Zohn
86.5%
Coach Wade
86.5%
Stephen Fishbach
85.6%
Dawn Meehan
85.6%
Alicia Calaway
85.3%
Jenna Morasca
85.3%
Sugar Kiper
85.3%
Jeff Varner
85.1%
Tony Vlachos
84.8%
Spencer Bledsoe
84.8%
Lex van den Berghe
84.5%
Returning Player % Correct
Tyson Apostol
84.2%
Andrea Boehlke
84.2%
Tasha Fox
84.2%
Kass McQuillen
84.2%
Eliza Orlins
83.9%
Kat Edorsson
83.9%
Woo Hwang
83.9%
Randy Bailey
83.6%
Candice Woodcock
83.3%
Brenda Lowe
83.3%
Phillip Sheppard
83.3%
Monica Padilla
83%
Monica Culpepper
83%
Kimmi Kappenberg
82.5%
Yau-Man Chan
81.3%
Ami Cusack
81%
Corinne Kaplan
81%
Jon Dalton
80.7%
Joe Anglim
80.2%
Brandon Hantz
79.3%
Abi-Maria Gomes
79%
Francesca Hogi
78.2%
Laura Morett
77.9%
Shirin Oskooi
77.6%
Troyzan Robertson
77.5%
Shii Ann Huang
77.3%
Bobby Jon Drinkard
75.9%
Sierra Thomas
75.4%
Colton Cumbie
75.3%
Sarah Lacina
73.9%
Hali Ford
68.1%

You're not logged in!

Compare scores with friends on all Sporcle quizzes.
OR
Log In

From the Vault

Famous Jacksons

by wildebeest

A quiz that Luscious Jackson, Action Jackson and the good folks of Jackson Hole Wyoming can appreciate.
Remove Ads.
Support Sporcle.
Get the best of Sporcle when you Go Orange. This ad-free experience offers more features, more stats, and more fun while also helping to support Sporcle. Thank you for becoming a member.

Show Comments

Extras

Top Quizzes Today


Score Distribution

Your Account Isn't Verified!

In order to create a playlist on Sporcle, you need to verify the email address you used during registration. Go to your Sporcle Settings to finish the process.

Report this User

Report this user for behavior that violates our Community Guidelines.

Details: